00665 2200229 4500001002100000005001500021035002000036245007400056100001800130250001000148300003900158700001700197260003600214082001100250084001700261020001600278600004900294600003100343650003000374505001100404990002000415INLIS00000000000472920231204075749 a0010-12230000101 aCatatan Masa Depan Dunia Masa Depan /cSarah Angliss dan Colin Uttley0 aSarah Angliss aCet 1 a32 hlm, :bilus ;c20,5 x 29,4 cm.0 aColin Uttley aBandung; :bPakar Raya;,c2007. a303.49 a303.49 SAR c a979534391-2 aPenyunting Bahasa dan Materi,Ir Rudiyanto MA aPewajah Ulang,Deni sarjoko aPenggambar Ulang,B Waluyo aIndeks a12518/P/BL/2016